|
|
|
|
| LEADER |
00000cam a2200000 7i4500 |
| 001 |
0000007007 |
| 002 |
000007544 |
| 005 |
.0 |
| 020 |
|
|
|a 9838911569
|
| 090 |
0 |
0 |
|a JF
|b JAM
|
| 100 |
0 |
|
|a Jamilah Alias
|
| 245 |
1 |
0 |
|a Saudara kembar
|c Jamilah Alias
|
| 260 |
|
|
|a Kuala Lumpur :
|b Penerbit Orkid ,
|c 1996
|
| 300 |
|
|
|a 60p. :
|b ill. ;
|c 18cm.
|
| 490 |
0 |
|
|a Siri antologi cerpen melati
|
| 650 |
0 |
0 |
|a Children's stories, Malay
|
| 999 |
|
|
|a 053156
|b BUKU
|c PINJAMAN
|e PERPUSTAKAAN KOMUNITI PETALING JAYA
|
| 999 |
|
|
|a 054448
|b BUKU
|c PINJAMAN
|e PERPUSTAKAAN KOMUNITI CAW KOTA DAMANSARA
|
| 999 |
|
|
|a 054449
|b BUKU
|c PINJAMAN
|e PERPUSTAKAAN KOMUNITI CAW KOTA DAMANSARA
|